| 000 | 01285nam a22003730a 4500 | ||
|---|---|---|---|
| 001 | PT9590 | ||
| 003 | AR-LpoUNG | ||
| 005 | 20210131232351.0 | ||
| 008 | 191001s2001||||ag |||||||||||||||||spa d | ||
| 020 |
_a9509822590 _c$13.05 |
||
| 040 |
_aAR-LpoUNG _bspa _cAR-LpoUNG _eaacr |
||
| 041 | _aspa | ||
| 044 | _aag | ||
| 082 | 0 | _a982.064 578set | |
| 245 | 1 | 4 |
_aLos 70 : _bviolencia en la Argentina |
| 250 | _a1§ edición | ||
| 260 |
_aBuenos Aires : _bCírculo Militar, _cc2001. |
||
| 300 |
_a189 p. : _bgráfs. |
||
| 520 | _aEste volúmen pretende relatar en forma sintética y abarcativa el antes, el durantes y el después del hecho histórico, cruento por su naturaleza. Ajustándose a la verdad completa, define cómo planearon, organizaron y ejecutaron dicha guerra las organizaciones subversivas terroristas de nuestro país durante casi dos décadas. | ||
| 650 | 4 | _aARGENTINA | |
| 650 | 4 | _aCAMPOS DE CONCENTRACION | |
| 650 | 4 | _aESTADO | |
| 650 | 4 | _aFUERZAS ARMADAS | |
| 650 | 4 | _aGOLPES DE ESTADO | |
| 650 | 4 | _aGUERRA | |
| 650 | 4 | _aPERSONAL MILITAR | |
| 650 | 4 | _aPOBLACION | |
| 650 | 4 | _aRELACIONES GOBIERNO FUERZAS ARMADAS | |
| 650 | 4 | _aSOCIEDAD | |
| 650 | 4 | _aTERRORISMO | |
| 710 | 2 | _aCírculo Militar (Buenos Aires) | |
| 905 | _a9590 | ||
| 942 | _cLIB | ||
| 999 |
_c15226 _d15226 |
||